000
00267nam a2200109Ia 4500
008
190216s9999||||xx |||||||||||||| ||und||
100
_a
Mahathma Gandhi
245
0
_a
Garhika Jeevitham Vol I
260
_b
Gandi Smaraka Nidhi
650
_a
Essay Malayalam
942
_c
BK
999
_c
24689
_d
24689